000 00832cam a2200253 4500
999 _c7673
_d7673
001 14560
003 BD-DhUAP
005 20210128105821.0
008 810107s1983 bg 001 0 eng
010 _a 80901576
040 _aDLC
_cDLC
_dBD-DhUAP
_beng
082 0 0 _a340.94 RAK
_223
100 1 _aRakshit, Mridulkanti.
245 1 4 _aThe law of vested properties in Bangladesh :
_ba book on the conflict of laws ... /
_cby Mridulkanti Rakshit.
250 _a2nd ed.
260 _aChittagong :
_bSree Mridulkanti Rakshit,
_cc1983.
300 _avarious pages ;
_c23 cm.
650 0 _aAlien property
_xLaw and legislation
_zBangladesh.
650 0 _aAbandonment of property
_zBangladesh.
650 0 _aEnemy property.
650 0 _aConflict of laws
_xProperty.
710 1 _aBangladesh.
_kLaws, statutes, etc.
942 _2ddc
_cBK